Riconosci lo Stato - Quiz n°16 - Statistics

Statistiche generali
  • Questo quiz è stato fatto 74 volte
  • Il punteggio medio è 11 su 12
Statistiche sulle risposte
Indizio Risposta % Corretto
Iniziale della Capitale C
100%
Valuta Euro
95%
Fuso Orario UTC+1 UTC+2 (ora legale)
92%
Popolazione 33 823 ab.
90%
Superficie 61,24 km²
90%
Capitani reggenti Filippo Tamagnini / Gaetano Troina
89%
Indipendenza 3 settembre 301 dall'Impero romano (tradizionale) 1291 dallo Stato della Chiesa (riconosciuta)
87%
Forma di Governo Repubblica parlamentare (diarchia)
87%
Tasso di crescita 0,74%
86%
ISU 0,961
86%
PIL (nominale) 1 591 milioni di $
86%
Risposta San Marino
86%
Nessun quiz corrispondente trovato
Distribuzione punteggi
Percentuale di utenti per punteggio
Percentile per numero di risposta
I tuoi punteggi nel tempo
Non hai fatto questo quiz